000 00679nam a2200205 4500
001 143872
003 ES-MaACL
005 20250716062532.0
007 t|
008 070214s1934 sp r ||||1| spa d
100 1 _aShakespeare, William,
_d1564-1616
_9105992
245 1 0 _aOtelo, el moro de Venecia /
_cWilliam Shakespeare ; la traducción del inglés ha sido hecha por Luis Astrana Marín.
260 _aMadrid :
_bEspasa-Calpe,
_c1934.
300 _a247 p. ;
_c16 cm.
490 1 _aCol. Universal ;
_v1356-58
700 1 _aAstrana Marín, Luis.
_923693
830 0 _aCol. Universal ;
_v1356-58
_9187288
852 _aES-MaACL
_jC-26530
_bR.55273
999 _c143872
_d143872